| 000 | 01911nam a2200529 i 4500 | ||
|---|---|---|---|
| 001 | 38995 | ||
| 003 | KOSZ 005 | ||
| 005 | 20230208085338.0 | ||
| 008 | 030807s2001 pl |000 0 pol | ||
| 015 | _aUWD 2003/13817 | ||
| 020 | _a837156659X | ||
| 035 | _a991015942349705066 | ||
| 035 | _a(PL-WaBN)b14280735-48omnis_nlop | ||
| 035 | _ab14280735 | ||
| 035 | _a(OCoLC)749382811 | ||
| 035 | _azz2004822050 | ||
| 035 | _a(PL)b0000001428073 | ||
| 035 | _a(EXLNZ-48OMNIS_NETWORK)9910366578205606 | ||
| 040 |
_aWA N _cWA N _dKOSZ 005/RW |
||
| 046 | _k2001 | ||
| 080 | _a811.162.1'373.45'374 | ||
| 100 | 1 |
_aMarkowski, Andrzej _d(1948- ) _eAutor |
|
| 245 | 1 | 0 |
_aWielki słownik wyrazów obcych i trudnych / _cAndrzej Markowski, Radosław Pawelec ; [redakcja haseł Agnieszka Kornaszewska et al.]. |
| 260 |
_aWarszawa : _b"Wilga", _ccopyright 2001. |
||
| 300 |
_aXVII, [1], 780 stron ; _c29 cm. |
||
| 336 |
_aTekst _btxt _2rdacontent |
||
| 337 |
_aBez urządzenia pośredniczącego _bn _2rdamedia |
||
| 338 |
_aWolumin _bnc _2rdacarrier |
||
| 380 | _aKsiążki | ||
| 380 | _aPublikacje informacyjne | ||
| 388 | 1 | _a2001- | |
| 650 | 7 |
_aJęzyk polski _2DBN |
|
| 650 | 7 | _aWyrazy obce | |
| 655 | 7 |
_aSłownik języka polskiego _2DBN |
|
| 655 | 7 |
_aSłownik wyrazów obcych _2DBN |
|
| 658 | _aJęzykoznawstwo | ||
| 700 | 1 |
_aKornaszewska, Agnieszka _eRedakcja |
|
| 700 | 1 |
_aPawelec, Radosław _eAutor |
|
| 700 | 1 |
_aRudnicka, Ewa _c(językoznawca) _eRedakcja |
|
| 700 | 1 |
_aSłowień, Dorota _eRedakcja |
|
| 700 | 1 |
_aWolańska, Ewa _c(językoznawca) _eRedakcja |
|
| 700 | 1 |
_aWolański, Adam _d(1973- ) _eRedakcja |
|
| 710 | 2 |
_aWydawnictwo Wilga _4pbl |
|
| 856 |
_uhttp://koha.tu.koszalin.pl/cgi-bin/koha/opac-detail.pl?biblionumber=38995 _yKatalog online BPK |
||
| 942 |
_2UKD _cKS |
||
| 999 |
_c38995 _d38995 |
||